000 00175nam a2200097Ia 4500
100 _akuldeep sareen
942 _cRB
245 _aCAD/CAM
260 _b#N/A
546 _aENGLISH
999 _c30254
_d30254